[Event "AUTO-MASTER-2802"]
[Site "http://www.queenalice.com/game.php?id=1598945"]
[Date "2020.2.9"]
[Round "2"]
[White "mandaragit"]
[Black "Alexandrovinsk"]
[Result "1-0"]
[WhiteElo "2305"]
[BlackElo "2186"]

1. d4 Nf6 2. Nf3 g6 3. c4 Bg7 4. Nc3 d6 5. e4 O-O 6. Be2 Nc6 7. d5 Nb8 8. Be3
Na6 9. O-O c5 10. h3 Nc7 11. a4 b6 12. Qd2 Re8 13. Bh6 Bh8 14. Bd3 Bd7 15. Bg5
Qc8 16. Kh2 a6 17. e5 Nh5 18. Rfe1 Rb8 19. exd6 exd6 20. Rxe8+ Qxe8 21. Ne4 Be5+
22. Kg1 f5 23. Nc3 Bxc3 24. Qxc3 Bxa4 25. g4 fxg4 26. hxg4 Ng7 27. Bh6 Nge6 28.
dxe6 Nxe6 29. Re1 Bd7 30. Rxe6 1-0

[Event "AUTO-MASTER-2802"]
[Site "http://www.queenalice.com/game.php?id=1598946"]
[Date "2020.2.9"]
[Round "2"]
[White "Alexandrovinsk"]
[Black "mandaragit"]
[Result "1-0"]
[WhiteElo "2173"]
[BlackElo "2321"]

1. d4 d5 2. c4 c6 3. Nf3 Nf6 4. e3 e6 5. Nc3 Nbd7 6. Bd3 dxc4 7. Bxc4 b5 8. Bd3
a6 9. O-O c5 10. Bc2 Bb7 11. Re1 cxd4 12. exd4 Be7 13. h3 O-O 14. Bf4 Nb6 15.
Rc1 Rc8 16. a3 Nc4 17. Qe2 Qb6 18. Bb1 Rfd8 19. Be5 Nd6 20. Bxd6 Rxd6 21. Ne4
Nxe4 22. Bxe4 Bxe4 23. Rxc8+ 1-0

[Event "AUTO-MASTER-2802"]
[Site "http://www.queenalice.com/game.php?id=1598947"]
[Date "2020.2.9"]
[Round "2"]
[White "mandaragit"]
[Black "CCapivara"]
[Result "1-0"]
[WhiteElo "2286"]
[BlackElo "2208"]

1. d4 d6 2. Nf3 Nf6 3. c4 c6 4. Nc3 Bg4 5. e4 Nbd7 6. Be2 e5 7. d5 Be7 8. Be3
O-O 9. O-O a6 10. Nd2 Bxe2 11. Qxe2 cxd5 12. cxd5 b5 13. a4 b4 14. Na2 a5 15.
Nc1 Rc8 16. Ncb3 Rc2 17. Qd3 Rc8 18. Rfc1 Ng4 19. Rxc8 Qxc8 20. Rc1 Qa8 21. Rc7
Qd8 22. Ra7 Nxe3 23. Qxe3 Bg5 24. Qd3 Bxd2 25. Qxd2 Nf6 26. Qc2 Qb8 27. Rxa5 Rc8
28. Qe2 Qc7 29. f3 Nh5 30. g3 Nf6 31. Rb5 h5 32. Rxb4 h4 33. Kg2 hxg3 34. hxg3
Qe7 35. a5 Nh5 36. Qd2 Qf6 37. Nc1 Qg6 38. Ne2 Nf4+ 39. Nxf4 exf4 40. Qxf4 Rc2+
41. Kh3 f6 42. Qh4 f5 43. Rb8+ Kf7 44. Qh8 1-0

[Event "AUTO-MASTER-2802"]
[Site "http://www.queenalice.com/game.php?id=1598948"]
[Date "2020.2.9"]
[Round "2"]
[White "CCapivara"]
[Black "mandaragit"]
[Result "1/2-1/2"]
[WhiteElo "2169"]
[BlackElo "2306"]

1. e4 e6 2. d4 d5 3. exd5 exd5 4. Nf3 Nf6 5. Bd3 Bd6 6. O-O O-O 7. Bg5 Bg4 8.
Nbd2 Nbd7 9. c3 c6 10. Re1 Qc7 11. Qa4 a6 12. Ne5 Bh5 13. Ndf3 Bg6 14. Bxg6 hxg6
15. Nxd7 Nxd7 16. Be7 Bxe7 17. Rxe7 Rae8 18. Rae1 Rxe7 19. Rxe7 Qd8 20. Re1 Re8
21. Rxe8+ Qxe8 22. Qd1 Qe4 23. Kf1 f6 24. Ne1 Qe7 25. Qe2 Qxe2+ 26. Kxe2 Kf7 27.
Nd3 g5 28. g4 Ke6 29. Ke3 a5 30. f4 gxf4+ 31. Nxf4+ Kf7 32. h4 Nb6 33. b3 Nc8
34. h5 Nd6 35. a4 Ke7 36. Ng2 b6 37. Nh4 Kf7 38. Kf4 c5 39. Ke3 c4 40. b4 Ne4
41. Nf5 Nxc3 42. bxa5 bxa5 43. Nd6+ Kg8 44. Nb7 Nxa4 45. Nxa5 Nc3 46. Nc6 Kf7
47. Nb4 Ke6 48. Kf4 Nb5 49. Nc2 Nd6 50. Ne3 Nb5 51. Nf5 Kf7 52. Ke3 Nc7 53. Nh4
Ne6 54. Nf3 Ke7 55. Kd2 Kd6 56. Nh4 Kc6 57. Nf5 Kd7 58. Kc3 Ke8 59. Nxg7+ Kf7
60. Nf5 Nf4 61. Ne3 Kg7 62. Kb4 Kf7 63. Nf5 Kg8 64. Ne3 Kf7 65. Nxc4 dxc4 66.
Kxc4 Ke6 67. Kc5 Kd7 68. d5 f5 69. gxf5 Nxh5 70. d6 1/2-1/2

[Event "AUTO-ELITE-2210"]
[Site "http://www.queenalice.com/game.php?id=1602141"]
[Date "2020.3.10"]
[Round "1"]
[White "RaulSoft"]
[Black "mandaragit"]
[Result "1-0"]
[WhiteElo "2618"]
[BlackElo "2315"]

1. d4 Nf6 2. c4 g6 3. Nc3 Bg7 4. e4 d6 5. Be2 O-O 6. Nf3 e5 7. d5 a5 8. O-O Na6
9. Be3 Ng4 10. Bg5 f6 11. Bh4 Qe8 12. h3 Nh6 13. Ne1 g5 14. Bg3 f5 15. f3 g4 16.
fxg4 fxg4 17. Rxf8+ Bxf8 18. h4 Qg6 19. Nd3 Nf7 20. Qa4 h5 21. Rf1 Nd8 22. c5
Nxc5 23. Nxc5 dxc5 24. Bxe5 Bg7 25. Bxg7 Kxg7 26. e5 Bf5 27. Qf4 Bd7 28. Qf8+
1-0

[Event "AUTO-ELITE-2210"]
[Site "http://www.queenalice.com/game.php?id=1602142"]
[Date "2020.3.10"]
[Round "1"]
[White "mandaragit"]
[Black "RaulSoft"]
[Result "0-1"]
[WhiteElo "2318"]
[BlackElo "2612"]

1. d4 d5 2. c4 e6 3. Nc3 Nf6 4. cxd5 exd5 5. Bg5 c6 6. e3 h6 7. Bh4 Bd6 8. Bd3
O-O 9. Qc2 Re8 10. Nge2 Nbd7 11. O-O-O b5 12. Kb1 Nb6 13. Rc1 Be7 14. f3 a5 15.
g4 Nc4 16. Bf2 a4 17. Ng3 Qa5 18. Nce2 b4 19. Bxc4 dxc4 20. Qxc4 Ba6 21. Qc2 b3
22. Qd1 a3 0-1

[Event "AUTO-ELITE-2210"]
[Site "http://www.queenalice.com/game.php?id=1602149"]
[Date "2020.3.10"]
[Round "1"]
[White "mandaragit"]
[Black "ArmandoFerreira"]
[Result "0-1"]
[WhiteElo "2312"]
[BlackElo "2767"]

1. d4 d5 2. c4 e6 3. Nc3 Nf6 4. cxd5 exd5 5. Bg5 Be7 6. Qc2 O-O 7. e3 h6 8. Bh4
Be6 9. Nf3 c6 10. Bd3 Nbd7 11. O-O Bd6 12. Rab1 a5 13. a3 Rc8 14. b4 axb4 15.
axb4 b5 16. e4 dxe4 17. Nxe4 Be7 18. Nc5 Bd5 19. Ne5 Bxc5 20. Nxd7 Qxd7 21. dxc5
Qg4 22. Bg3 Be4 23. Bxe4 Qxe4 24. Qxe4 Nxe4 25. f3 Nd2 0-1

[Event "AUTO-ELITE-2210"]
[Site "http://www.queenalice.com/game.php?id=1602150"]
[Date "2020.3.10"]
[Round "1"]
[White "ArmandoFerreira"]
[Black "mandaragit"]
[Result "1-0"]
[WhiteElo "2768"]
[BlackElo "2311"]

1. e4 e6 2. d4 d5 3. Nd2 c5 4. Ngf3 cxd4 5. exd5 Qxd5 6. Bc4 Qd6 7. O-O Nc6 8.
Ne4 Qd8 9. Qe2 Nf6 10. Rd1 Be7 11. c3 O-O 12. Nxd4 Nxd4 13. Rxd4 Qc7 14. Bb3 Bd7
15. Bg5 Bc6 16. Nxf6+ Bxf6 17. Bxf6 gxf6 18. Rh4 Qe5 19. Qg4+ Kh8 20. Qh3 Qf5
21. Qxf5 exf5 22. Rd1 Rad8 23. Rhd4 Rxd4 24. Rxd4 Kg7 25. f3 Re8 26. Kf1 Kg6 27.
Bc2 1-0

[Event "AUTO-ELITE-2212"]
[Site "http://www.queenalice.com/game.php?id=1602773"]
[Date "2020.3.16"]
[Round "1"]
[White "speedmaxL"]
[Black "mandaragit"]
[Result "1-0"]
[WhiteElo "2504"]
[BlackElo "2254"]

1. e4 e6 2. d4 d5 3. Nd2 Be7 4. Bd3 c5 5. Ngf3 Nf6 6. e5 Nfd7 7. c3 Nc6 8. O-O
cxd4 9. cxd4 Nb6 10. a3 a5 11. Re1 a4 12. Nf1 Na5 13. N3d2 Bd7 14. Ng3 g6 15.
Rb1 Bc6 16. Bc2 Qd7 17. Qf3 Nbc4 18. Nxc4 Nxc4 19. Bh6 Bf8 20. Bxf8 Kxf8 21. Qf4
Qe7 22. Qh6+ Ke8 23. Nf1 Qf8 24. Qf4 Qg7 25. Ne3 Nxe3 26. Rxe3 Kd7 27. Rf3 Ke7
28. h4 h5 29. b3 axb3 30. Rfxb3 Ra7 31. Qg5+ Kd7 32. Qd2 Qf8 33. Bd3 Qe7 34. Rb6
Kc7 35. Qc2 Qxa3 36. Bb5 Rc8 37. Rxc6+ bxc6 38. Qxc6+ Kd8 39. Qe8+ 1-0

[Event "AUTO-ELITE-2212"]
[Site "http://www.queenalice.com/game.php?id=1602774"]
[Date "2020.3.16"]
[Round "1"]
[White "mandaragit"]
[Black "speedmaxL"]
[Result "0-1"]
[WhiteElo "2259"]
[BlackElo "2503"]

1. d4 Nf6 2. c4 g6 3. Nc3 Bg7 4. e4 d6 5. Nf3 O-O 6. Be2 e5 7. d5 a5 8. Be3 Ng4
9. Bg5 f6 10. Bh4 Na6 11. Nd2 h5 12. h3 Nh6 13. f3 Bd7 14. a3 Nf7 15. Bf2 f5 16.
Rb1 Nc5 17. b3 h4 18. O-O Bh6 19. Qc2 Bf4 20. b4 axb4 21. axb4 Na4 22. Nb3 Nxc3
23. Qxc3 Ng5 24. Bd3 fxe4 25. Bxe4 Bxh3 26. gxh3 Qd7 27. Be3 Qxh3 28. Bxf4 Rxf4
29. Nd2 Qg3+ 30. Kh1 Ra2 31. Rb2 Nxe4 32. Nxe4 Qh3+ 33. Kg1 Rxe4 34. Rxa2 Rg4+
35. fxg4 Qxc3 36. Ra8+ Kg7 37. Raf8 Kh6 0-1

[Event "AUTO-ELITE-2212"]
[Site "http://www.queenalice.com/game.php?id=1602777"]
[Date "2020.3.16"]
[Round "1"]
[White "WeirdGoblin"]
[Black "mandaragit"]
[Result "1-0"]
[WhiteElo "2355"]
[BlackElo "2310"]

1. d4 Nf6 2. c4 g6 3. Nc3 Bg7 4. e4 d6 5. Be2 O-O 6. Bg5 c5 7. d5 h6 8. Bf4 e6
9. dxe6 Bxe6 10. Qd2 Qb6 11. O-O-O h5 12. Nf3 Nc6 13. h3 Rfe8 14. Bh6 Bh8 15.
Be3 Rad8 16. Ng5 Bc8 17. g4 hxg4 18. hxg4 Bg7 19. Rdg1 Be6 20. f4 a6 21. f5 Bc8
22. fxg6 fxg6 23. Nd5 Nxe4 24. Nxe4 Qa5 25. Nef6+ Bxf6 26. Nxf6+ Kg7 27. Rh7+
Kxf6 28. Bg5+ 1-0

[Event "AUTO-ELITE-2212"]
[Site "http://www.queenalice.com/game.php?id=1602778"]
[Date "2020.3.16"]
[Round "1"]
[White "mandaragit"]
[Black "WeirdGoblin"]
[Result "0-1"]
[WhiteElo "2336"]
[BlackElo "2343"]

1. d4 Nf6 2. c4 e6 3. Nc3 Bb4 4. e3 c5 5. Ne2 cxd4 6. exd4 d5 7. a3 Be7 8. c5 b6
9. b4 bxc5 10. dxc5 a5 11. Rb1 O-O 12. Bf4 axb4 13. axb4 Nc6 14. Nd4 Nxb4 15.
Rxb4 Bxc5 16. Rb3 Ne4 17. Nxe4 dxe4 18. Be3 Qa5+ 19. Bd2 Qa1 20. Nc2 Bxf2+ 21.
Ke2 Ba6+ 0-1

[Event "AUTO-ELITE-2214"]
[Site "http://www.queenalice.com/game.php?id=1603377"]
[Date "2020.3.20"]
[Round "1"]
[White "mandaragit"]
[Black "speedmaxL"]
[Result "0-1"]
[WhiteElo "2269"]
[BlackElo "2490"]

1. d4 d5 2. c4 c6 3. Nf3 Nf6 4. Nc3 e6 5. Bg5 Nbd7 6. cxd5 exd5 7. Qc2 Be7 8. e3
Nh5 9. Bxe7 Qxe7 10. O-O-O Nb6 11. h3 Be6 12. Bd3 O-O-O 13. Kb1 Nf6 14. Rc1 Kb8
15. a3 Nc4 16. Bxc4 dxc4 17. e4 Nh5 18. Qd2 f5 19. exf5 Bxf5+ 20. Ka1 Bd3 21. g4
Rhf8 22. Ne5 Nf4 23. h4 Qd6 24. Nf3 Ne2 25. Nxe2 Rxf3 26. Nc3 Qxd4 27. Qg5 Rxf2
28. Rhe1 Rg2 0-1

[Event "AUTO-ELITE-2214"]
[Site "http://www.queenalice.com/game.php?id=1603378"]
[Date "2020.3.20"]
[Round "1"]
[White "speedmaxL"]
[Black "mandaragit"]
[Result "1-0"]
[WhiteElo "2494"]
[BlackElo "2264"]

1. e4 e6 2. d4 d5 3. Nc3 Bb4 4. e5 c5 5. a3 Bxc3+ 6. bxc3 Nc6 7. Qg4 g6 8. Nf3
Qa5 9. Bd2 Qa4 10. Be2 Nge7 11. O-O Bd7 12. Rab1 O-O-O 13. Bb5 Qxc2 14. Bg5 Rhe8
15. Qh4 h5 16. Bxc6 Nxc6 17. Bxd8 Nxd8 18. Rfc1 Qa4 19. c4 Bc6 20. cxd5 Bxd5 21.
Rxc5+ Nc6 22. Ng5 Re7 23. Qf4 b6 24. Rcc1 Kb7 25. Nxf7 Nxd4 26. Nd6+ Ka6 27. Rb4
Qxb4 28. axb4 Ne2+ 29. Kf1 1-0

[Event "AUTO-ELITE-2214"]
[Site "http://www.queenalice.com/game.php?id=1603379"]
[Date "2020.3.20"]
[Round "1"]
[White "mandaragit"]
[Black "kookaburra"]
[Result "1-0"]
[WhiteElo "2334"]
[BlackElo "2248"]

1. d4 Nf6 2. c4 e6 3. Nf3 d5 4. Nc3 Be7 5. Bg5 O-O 6. Qc2 Nbd7 7. cxd5 exd5 8.
e3 c6 9. Bd3 h6 10. Bh4 c5 11. Bxf6 Nxf6 12. dxc5 Bxc5 13. O-O Bg4 14. Be2 Qe7
15. Rfd1 Rfd8 16. Rac1 Rac8 17. Qb3 Be6 18. Nd4 Bg4 19. h3 1-0

[Event "AUTO-ELITE-2214"]
[Site "http://www.queenalice.com/game.php?id=1603380"]
[Date "2020.3.20"]
[Round "1"]
[White "kookaburra"]
[Black "mandaragit"]
[Result "0-1"]
[WhiteElo "2258"]
[BlackElo "2324"]

1. e4 e6 2. Nf3 c5 3. c3 Nf6 4. e5 Nd5 5. d4 d6 6. Bd3 cxd4 7. cxd4 Nc6 8. O-O
Be7 9. Nc3 Nxc3 10. bxc3 dxe5 11. dxe5 O-O 12. Qc2 g6 13. Bh6 Re8 14. Rad1 Qc7
15. Rfe1 b6 16. h4 Bb7 17. h5 Bf8 18. Qc1 Qe7 19. Bg5 Qc5 0-1

[Event "AUTO-MASTER-2918"]
[Site "http://www.queenalice.com/game.php?id=1605097"]
[Date "2020.3.30"]
[Round "2"]
[White "LOMBARDY"]
[Black "mandaragit"]
[Result "1-0"]
[WhiteElo "2199"]
[BlackElo "2244"]

1. Nf3 Nf6 2. g3 g6 3. Bg2 Bg7 4. c4 O-O 5. O-O d5 6. d4 dxc4 7. Qa4 Bd7 8. Qxc4
Bc6 9. Nc3 a6 10. Qb3 e6 11. Re1 Ne4 12. Ne5 Nxc3 13. bxc3 Bxg2 14. Kxg2 Bxe5
15. dxe5 b6 16. Rd1 Qc8 17. a4 Nc6 18. f4 Rd8 19. Be3 Qb7 20. Kf2 Rxd1 21. Rxd1
Rd8 22. Rxd8+ Nxd8 23. Qb1 Qc6 24. Qd3 Qa8 25. c4 Nc6 26. c5 bxc5 27. Bxc5 a5
28. Qd7 Nb4 29. Qxc7 Nd5 30. Qd7 Qb8 31. Qb5 Qd8 32. Bd6 Kg7 33. Qc6 h6 34. e4
Qb6+ 35. Qxb6 Nxb6 36. Bc7 Nxa4 37. Bxa5 Nc5 38. Ke3 h5 39. Bd8 Kf8 40. Bb6 Nd7
41. Ba7 Ke7 42. Kd4 Ke8 43. Kc4 Ke7 44. Kb5 Ke8 45. Kc6 g5 46. h4 gxf4 47. gxf4
Ke7 48. Bc5+ Kd8 49. Bd6 Ke8 50. Kc7 f6 51. f5 fxe5 52. fxe6 Nf6 53. Kc6 Nxe4
54. Bxe5 Ke7 55. Kd5 Nf2 56. Bd6+ Ke8 57. Kd4 Nh3 58. Ke3 Kd8 59. Kf3 Ke8 60.
Kg2 Nf4+ 61. Bxf4 Ke7 62. Kf3 Kxe6 63. Ke4 Kf6 64. Be5+ Kg6 65. Kf4 1-0

[Event "AUTO-MASTER-2918"]
[Site "http://www.queenalice.com/game.php?id=1605098"]
[Date "2020.3.30"]
[Round "2"]
[White "mandaragit"]
[Black "LOMBARDY"]
[Result "1-0"]
[WhiteElo "2260"]
[BlackElo "2152"]

1. d4 Nf6 2. c4 e6 3. Nf3 c5 4. d5 exd5 5. cxd5 d6 6. Nc3 g6 7. e4 Bg7 8. Bg5
Nbd7 9. Nd2 a6 10. a4 O-O 11. Be2 h6 12. Bh4 Qc7 13. O-O Re8 14. Qc2 b6 15. h3
Nh7 16. f4 Bb7 17. Bc4 Bf6 18. Bxf6 Nhxf6 19. Rae1 Rad8 20. Qd3 Qc8 21. g4 Nf8
22. e5 dxe5 23. fxe5 Nxg4 24. hxg4 Qxg4+ 25. Kh2 Ne6 26. Nde4 Kg7 27. Nd6 Nf4
28. Nxe8+ Rxe8 29. Qg3 1-0

[Event "AUTO-MASTER-2918"]
[Site "http://www.queenalice.com/game.php?id=1605099"]
[Date "2020.3.30"]
[Round "2"]
[White "carver"]
[Black "mandaragit"]
[Result "1-0"]
[WhiteElo "2128"]
[BlackElo "2276"]

1. d4 Nf6 2. c4 g6 3. Nc3 Bg7 4. Bf4 d5 5. cxd5 Nxd5 6. Nxd5 Qxd5 7. e3 c5 8.
Nf3 Nc6 9. b3 cxd4 10. Bc4 Qa5+ 11. Qd2 Qxd2+ 12. Kxd2 dxe3+ 13. Bxe3 O-O 14.
Rad1 Bg4 15. Ke2 Rad8 16. h3 Bxf3+ 17. Kxf3 b6 18. g4 Ne5+ 19. Kg3 1-0

[Event "AUTO-MASTER-2918"]
[Site "http://www.queenalice.com/game.php?id=1605100"]
[Date "2020.3.30"]
[Round "2"]
[White "mandaragit"]
[Black "carver"]
[Result "0-1"]
[WhiteElo "2293"]
[BlackElo "2111"]

1. d4 d5 2. c4 c6 3. Nf3 Bf5 4. Nc3 e6 5. e3 Bb4 6. Bd3 Bg4 7. O-O Nf6 8. h3 Bh5
9. Bd2 O-O 10. a3 Ba5 11. b4 Bc7 12. cxd5 exd5 13. Be2 Qd6 14. Ne5 Bxe2 15. Qxe2
Qe6 16. Nd3 Qd6 17. g3 g6 18. b5 Nbd7 19. a4 Nh5 20. Qf3 Ndf6 0-1

[Event "AUTO-MASTER-2908"]
[Site "http://www.queenalice.com/game.php?id=1621465"]
[Date "2020.7.24"]
[Round "2"]
[White "ignacius_01"]
[Black "mandaragit"]
[Result "0-1"]
[WhiteElo "1981"]
[BlackElo "2231"]

1. d4 Nf6 2. c4 c5 3. d5 e5 4. Nc3 d6 5. e4 Be7 6. Be2 O-O 7. Nf3 Nbd7 8. Nh4
Ne8 9. Nf5 Bg5 10. Nb5 Bxc1 11. Qxc1 Nb6 12. Bg4 Bxf5 13. Bxf5 g6 14. Bg4 f5 15.
exf5 gxf5 16. Bh3 Qh4 17. b3 a6 18. Nc3 Nd7 19. Ne2 Ng7 20. Ng3 e4 21. O-O Ne5
22. Qc3 b5 23. Rac1 b4 24. Qd2 Nd3 25. Ra1 Nf4 26. Kh1 Rae8 27. Qe3 Nxh3 28. Qe1
Ng5 29. Qd2 f4 30. Ne2 f3 31. g3 Qh3 32. Rg1 fxe2 33. Qxe2 Rf6 34. Rg2 Nf5 35.
g4 Nd4 36. Qe3 Qh4 37. Rf1 Rf3 0-1

[Event "AUTO-MASTER-2908"]
[Site "http://www.queenalice.com/game.php?id=1621466"]
[Date "2020.7.24"]
[Round "2"]
[White "mandaragit"]
[Black "ignacius_01"]
[Result "1-0"]
[WhiteElo "2239"]
[BlackElo "2022"]

1. d4 d5 2. c4 c6 3. Nf3 g6 4. Nc3 Bg7 5. cxd5 cxd5 6. Bf4 Nf6 7. h3 Nc6 8. e3
Nh5 9. Bh2 O-O 10. Bd3 a6 11. O-O Re8 12. Qb3 e6 13. Rfc1 Na5 14. Qd1 b5 15. a4
b4 16. Nb1 Qb6 17. Nbd2 Bd7 18. Bc7 Qb7 19. Bxa5 Nf6 20. Rc7 Qb8 21. Ne5 Ra7 22.
Rac1 Rxc7 23. Rxc7 Re7 24. Qc2 Bf8 25. Nc6 Bxc6 26. Qxc6 Ne8 27. Rc8 1-0

[Event "AUTO-MASTER-2908"]
[Site "http://www.queenalice.com/game.php?id=1621469"]
[Date "2020.7.24"]
[Round "2"]
[White "mandaragit"]
[Black "TheWatcher"]
[Result "0-1"]
[WhiteElo "2235"]
[BlackElo "2262"]

1. d4 f5 2. g3 Nf6 3. Bg2 e6 4. c4 c6 5. Qc2 Na6 6. a3 d5 7. Nf3 Bd6 8. b3 dxc4
9. bxc4 O-O 10. O-O Nc7 11. Rd1 Nce8 12. Nc3 Qe7 13. e4 fxe4 14. Nxe4 Nxe4 15.
Qxe4 Nf6 16. Qe2 Bd7 17. Re1 Rae8 18. Bb2 Ng4 19. h3 Nh6 20. c5 Bc7 21. g4 Nf7
22. Qc4 Bf4 23. Bc1 Ng5 24. Bxf4 Nxf3+ 25. Bxf3 Rxf4 26. Re3 Qf6 27. Kg2 Rf8 28.
Qb3 Rxd4 29. Rc1 Bc8 30. Rd1 h5 31. Rxd4 Qxd4 32. Qb4 Qxb4 33. axb4 hxg4 34.
hxg4 Rf4 35. Re4 g5 36. Kg3 Rxe4 37. Bxe4 e5 38. f3 Kg7 39. Kf2 Be6 40. Ke3 Bc4
41. Bc2 Kf6 42. Bf5 b6 43. cxb6 axb6 44. Be4 Bb5 45. Kd2 Ke6 46. Kc3 Kd6 47. Bf5
c5 48. bxc5+ Kxc5 49. Bc2 Be2 50. Be4 b5 51. Ba8 b4+ 52. Kb3 Bc4+ 53. Kc2 Kd4
54. Kd2 Bd5 0-1

[Event "AUTO-MASTER-2908"]
[Site "http://www.queenalice.com/game.php?id=1621470"]
[Date "2020.7.24"]
[Round "2"]
[White "TheWatcher"]
[Black "mandaragit"]
[Result "1-0"]
[WhiteElo "2294"]
[BlackElo "2250"]

1. e4 e6 2. Nc3 d5 3. f4 Nf6 4. e5 Nfd7 5. d4 c5 6. Be3 Nc6 7. Nf3 cxd4 8. Nxd4
Bc5 9. Qd2 Bxd4 10. Bxd4 O-O 11. O-O-O a6 12. Be2 b5 13. Bf3 Qc7 14. Rhe1 b4 15.
Ne2 a5 16. Kb1 Ba6 17. Qe3 Rfc8 18. Rd2 a4 19. b3 Bxe2 20. Qxe2 axb3 21. cxb3
Qa5 22. Rc1 Rc7 23. Bf2 Rac8 24. Rdc2 h6 25. Qd3 Na7 26. Rxc7 Rxc7 27. Rxc7 Qxc7
28. Bd1 Qc6 29. Bxa7 1-0